Countries That are Wider than Chile but Smaller in Size - Statistics

General Stats
  • This quiz has been taken 15 times
  • The average score is 33 of 48
Answer Stats
Answer % Correct
France
93%
Germany
93%
Spain
93%
United Kingdom
93%
Nepal
86%
Poland
86%
Romania
86%
Ukraine
86%
Belarus
79%
Central African Republic
79%
Cuba
79%
Iraq
79%
Ivory Coast
79%
Japan
79%
Paraguay
79%
Thailand
79%
Uzbekistan
79%
Yemen
79%
Myanmar
71%
North Korea
71%
Norway
71%
South Sudan
71%
Botswana
64%
Burkinafaso
64%
Gabon
64%
Honduras
64%
Morocco
64%
Republic of the Congo
64%
Somalia
64%
Tajikistan
64%
Turkmenistan
64%
Zambia
64%
Zimbabwe
64%
Afghanistan
57%
Austria
57%
Greece
57%
Guatemala
57%
Kenya
57%
Laos
57%
Panama
57%
Senegal
57%
Cameroon
50%
Eritrea
50%
Guinea
50%
Hungary
50%
Malaysia
50%
Syria
50%
Papua New Guinea
43%
No matching quizzes found
Score Distribution
Percent of People with Each Score
Percentile by Number Answered
Your Score History
You have not taken this quiz